Reflections on the Jewish War Effort in the Viennese Jewish Press 1918-1938
| Titel: | Reflections on the Jewish War Effort in the Viennese Jewish Press 1918-1938 / Eleonore Lappin-Eppel |
|---|---|
| Verfasser: | |
| In: |
Jewish soldiers in the collective memory of Central Europe, (2019), Seite 145-168 alle Artikel anzeigen |
| Veröffentlicht: | 2019 |
| Format: | Aufsatz |
| Sprache: | Englisch |
X
alg: 53012152 001A $03025:26-05-25 001B $03025:26-05-25 $t14:49:43.000 001D $03025:26-05-25 001U $0utf8 001X $00 002@ $0Aou 002C $aText $btxt $2rdacontent 002D $aohne Hilfsmittel zu benutzen $bn $2rdamedia 002E $aBand $bnc $2rdacarrier 003@ $0530121522 010@ $aeng 010E $erda 011@ $a2019 021A $aReflections on the Jewish War Effort in the Viennese Jewish Press 1918-1938 $hEleonore Lappin-Eppel 028A $BVerfasser $#Lappin-Eppel, Eleonore $#Eppel, Eleonore Lappin- $4aut $7122220846 $8Lappin, Eleonore$Z1951- [Tp1] $9153437057 031A $h145-168 $j2019 039B $aEnthalten in $8--Aau--. Jewish soldiers in the collective memory of Central Europe. - Wien : Böhlau Verlag, [2019]. - 377 Seiten. - Illustrationen, Diagramme. - ISBN 978-3-205-20722-1 $x201900000000000855 $9427810744 044K $#Wienn $#Viedeň $#Vinna $#Wiedeń Wien $#Vena $#Wienna $#Vin $#Biennē $#Viennē $#Wīn $#Bécs $#Vídeň $#Vjenë $#Dunaj $#Wenia $#Bundesland Wien $#Land Wien $#Stadt Wien $#Bundeshauptstadt Wien $#Bundesunmittelbare Stadt Wien $#Kaiserlich-Königliche Reichshaupt- und Residenzstadt Wien $#K.K. Reichshaupt- und Residenzstadt Wien $#Reichshaupt- und Residenzstadt Wien $#Reichsgau Wien $#Vienna $#Vienne Österreich $#Beč $#Viena $#Bécs $#Vindobona Wien $#Vienna Pannoniae $#Vindobona $#Vienna Austriae $#Vienne $#Gemeinde Wien $#Vienna Fluviorum $74066009-6 $8Wien [Tgz] $9085185515 044K $RJudentum $RIsraeliten $RStämme Israels $#Jude $74028808-0 $8Juden [Ts1] $9085075922 044K $RMassenmedien $RPublizistik $#Press $#Presse $#Presse Aspect économique $#Stampa $#Prensa $#presses $#Presseverlag $#Presse $#Presse $#Pressewesen $74047150-0 $8Presse [Ts1] $9085131547 045F $a909.049240943609041 $eDDC23BSB 045F/01 $a909.04924 045F/03 $f09041 045F/03 $g436 045G $a355.00943609041 $eDDC23BSB 045G/01 $a355.009 045G/03 $f09041 045G/03 $g436 045R $aGeschichte 1918-1938 lok: 53012152 78 exp: 53012152 78 1 #EPN 201B/01 $026-05-25 $t14:49:24.000 201C/01 $026-05-25 201U/01 $0utf8 203@/01 $01304903567 208@/01 $a26-05-25 $be 209A/01 $a/ $f000 $x00 209A/01 $ab*p $x01 220C/01 $apgar 247C/01 $82080>Marburg/Lahn, Herder-Institut, Forschungsbibliothek, Bibliographieportal $9336309341
| LEADER | 00000naa a2200000 c 4500 | ||
|---|---|---|---|
| 001 | 530121522 | ||
| 003 | DE-603 | ||
| 005 | 20250526144943.0 | ||
| 007 | tu | ||
| 008 | 250526s2019 xx |||| | u00||u|eng c | ||
| 035 | |a (DE-599)HEB530121522 | ||
| 040 | |a DE-603 |b ger |c DE-603 |d DE-603 |e rda | ||
| 041 | |a eng | ||
| 082 | 0 | 4 | |8 1\u |a 909.049240943609041 |q DE-101 |2 23/BSB |
| 083 | 0 | |8 2\u |a 355.00943609041 |q DE-101 |2 23/BSB | |
| 085 | |8 1\u |b 909.04924 | ||
| 085 | |8 1\u |z 1 |s 09041 | ||
| 085 | |8 1\u |z 2 |s 436 | ||
| 085 | |8 2\u |b 355.009 | ||
| 085 | |8 2\u |z 1 |s 09041 | ||
| 085 | |8 2\u |z 2 |s 436 | ||
| 100 | 1 | |a Lappin, Eleonore |d 1951- |e Verfasser |4 aut |0 (DE-603)153437057 |0 (DE-588)122220846 |2 gnd | |
| 245 | 0 | 0 | |a Reflections on the Jewish War Effort in the Viennese Jewish Press 1918-1938 |c Eleonore Lappin-Eppel |
| 264 | 0 | |c 2019 | |
| 336 | |a Text |b txt |2 rdacontent | ||
| 337 | |a ohne Hilfsmittel zu benutzen |b n |2 rdamedia | ||
| 338 | |a Band |b nc |2 rdacarrier | ||
| 648 | 7 | |a Geschichte 1918-1938 |2 gnd | |
| 650 | 7 | |a Juden |0 (DE-588)4028808-0 |0 (DE-603)085075922 |2 gnd | |
| 650 | 7 | |a Presse |0 (DE-588)4047150-0 |0 (DE-603)085131547 |2 gnd | |
| 651 | 7 | |a Wien |0 (DE-588)4066009-6 |0 (DE-603)085185515 |2 gnd | |
| 773 | 0 | 8 | |i Enthalten in |t Jewish soldiers in the collective memory of Central Europe |d Wien : Böhlau Verlag, [2019] |h 377 Seiten, Illustrationen, Diagramme |z 9783205207221 |g (2019), Seite 145-168 |w (DE-603)427810744 |
| 924 | 0 | |9 2080 |a (DE-603)1304903567 |b DE-2080 |c HES |d d |g / | |


